000 01066nas a2200325 4500
001 BR2010004155
003 BR-BrBNA
005 20231205114703.0
007 ta
008 230509b bl.|||p| |||| 00| 00por d
040 _aBR-BrBNA
_bpor
_cBiblioteca Nacional de Agricultura
041 _a(Pt)
072 _aF30
100 1 _aSantos, F.W.
100 1 _aMoraes, M.L.T. de
100 1 _aFlorsheim, S.M.B.
100 1 _aLima, I.L. de
100 1 _aSilva, J.M. da
100 1 _aFreitas, M.L.M.
100 1 _aSebbenn, A.M.
245 1 _aVariação genética para caracteres anatômicos e retração volumétrica e sua correlação com a densidade básica da madeira em uma população base de Eucalyptus camaldulensis Dehn
650 _aEUCALIPTO
650 _aESSÊNCIA FLORESTAL
650 _aPROGÊNIE
650 _aGENÉTICA VEGETAL
650 _aHEREDITARIEDADE
773 0 _tScientia Forestalis (Brazil)
_xISSN 1413-9324
_g(Jun 2010), v. 38(86) p. 159-170
_wBR2010004155
909 _a202311
_bLúcia
_c55
_dLúcia Elande
942 _2AGRIS
_n0
_cANA
999 _c209958
_d209958